50 Companies that Changed the World (Record no. 10484)

MARC details
000 -LEADER
fixed length control field 00403nam a22001697a 4500
003 - CONTROL NUMBER IDENTIFIER
control field OSt
008 - FIXED-LENGTH DATA ELEMENTS--GENERAL INFORMATION
fixed length control field 210223b ||||| |||| 00| 0 eng d
020 ## - INTERNATIONAL STANDARD BOOK NUMBER
International Standard Book Number 9788179923269
082 ## - DEWEY DECIMAL CLASSIFICATION NUMBER
Classification number 338.7 ROC
100 ## - MAIN ENTRY--PERSONAL NAME
Personal name ROTHMAN,Howard
245 ## - TITLE STATEMENT
Title 50 Companies that Changed the World
250 ## - EDITION STATEMENT
Edition statement 1st and IMP 15th
260 ## - PUBLICATION, DISTRIBUTION, ETC. (IMPRINT)
Place of publication, distribution, etc New Delhi
Name of publisher, distributor, etc Jaico
Date of publication, distribution, etc 2013
300 ## - PHYSICAL DESCRIPTION
Extent 253
650 ## - SUBJECT ADDED ENTRY--TOPICAL TERM
Topical term or geographic name as entry element GENERAL
942 ## - ADDED ENTRY ELEMENTS (KOHA)
Source of classification or shelving scheme Dewey Decimal Classification
Koha item type Text Books
Holdings
Withdrawn status Lost status Source of classification or shelving scheme Damaged status Not for loan Collection code Home library Current library Date acquired Source of acquisition Currency Cost, normal purchase price Bill Number Total Checkouts Full call number Acc. no. / Barcode Date last seen Date last borrowed Actual Cost, discounted price Bill Date Koha item type Public note Checked out
    Dewey Decimal Classification     GENERAL PIET C-LIBRARY PIET C-LIBRARY 10/02/2021 Kirti Praskshan IN Rupees 450.00 IN1559 5 338.7 ROC 32561 26/09/2023 14/09/2023 279.00 10/02/2021 Text Books Motivational  
    Dewey Decimal Classification     GENERAL PIET C-LIBRARY PIET C-LIBRARY 10/02/2021 Kirti Praskshan IN Rupees 450.00 IN1559 3 338.7 ROC 32562 07/10/2022 23/09/2022 279.00 10/02/2021 Text Books Motivational  
    Dewey Decimal Classification     GENERAL PIET C-LIBRARY PIET C-LIBRARY 10/02/2021 Kirti Praskshan IN Rupees 450.00 IN1559 2 338.7 ROC 32563 13/01/2024 13/01/2024 279.00 10/02/2021 Text Books . 11/07/2024
    Dewey Decimal Classification     GENERAL PIET C-LIBRARY PIET C-LIBRARY 10/02/2021 Kirti Praskshan IN Rupees 450.00 IN1559 2 338.7 ROC 32564 13/01/2024 13/01/2024 279.00 10/02/2021 Text Books . 11/07/2024

Design & Developed by: PIET Central Library
R70 Miles Stone Pattikalyana Samalkha Panipat 132102
mail ID :- [email protected], Phone No:- 0180-2569700 Ex.216